Online Catalogue and eLibrary

Vasantham vanthu Poividdathu (Record no. 4336)

MARC details
000 -LEADER
fixed length control field 00384nam a2200145Ia 4500
005 - DATE AND TIME OF LATEST TRANSACTION
control field 20250508011959.0
008 - FIXED-LENGTH DATA ELEMENTS--GENERAL INFORMATION
fixed length control field 240331s9999 xx 000 0 und d
082 ## - DDC Classification
Item Number - Author Mark BAL
Class No. 894
100 ## - MAIN ENTRY--PERSONAL NAME
Personal name Balasubramaniam, R
245 #0 - TITLE STATEMENT
Title Vasantham vanthu Poividdathu
260 ## - PUBLICATION, DISTRIBUTION, ETC.
Place of publication, distribution, etc. Chennai
Name of publisher, distributor, etc. Kumaran Publishers
Date of publication, distribution, etc. 1997
300 ## - PHYSICAL DESCRIPTION
Extent (e.g. Volumes, Pages etc.) Vi, 215 p ., ( C 2)
500 ## - GENERAL NOTE
General note A Social novel In Tamil
942 ## - Koha item type (Biblio)
Koha item type Books in Stacks (Lending)
Holdings
Lost status Damaged status Collection code Home library Current library Shelving location Date acquired Full call number Accession Number Item type
    Lending WERC Library WERC Library Social Science Cupboard 03/31/2024 894.811 BAL 6200 Books in Stacks (Lending)

© WERC Library